Functional phonetics workbook / (Record no. 22193)
[ view plain ]
| 000 -LEADER | |
|---|---|
| fixed length control field | 01269nam a22003735a 4500 |
| 003 - CONTROL NUMBER IDENTIFIER | |
| control field | EG-ScBUE |
| 005 - DATE AND TIME OF LATEST TRANSACTION | |
| control field | 20220628121420.0 |
| 006 - FIXED-LENGTH DATA ELEMENTS--ADDITIONAL MATERIAL CHARACTERISTICS--GENERAL INFORMATION | |
| fixed length control field | m||||fq||h 00| 0 |
| 008 - FIXED-LENGTH DATA ELEMENTS--GENERAL INFORMATION | |
| fixed length control field | 160822t2014 caua f bd 001 0 eng d |
| 020 ## - INTERNATIONAL STANDARD BOOK NUMBER | |
| International Standard Book Number | 9781597569903 |
| 040 ## - CATALOGING SOURCE | |
| Original cataloging agency | EG-ScBUE |
| Language of cataloging | eng |
| Description conventions | rda |
| Transcribing agency | EG-ScBUE |
| Modifying agency | EG-ScBUE |
| 082 04 - DEWEY DECIMAL CLASSIFICATION NUMBER | |
| Edition number | 22 |
| Classification number | 421.58 |
| Item number | CAN |
| 100 1# - MAIN ENTRY--PERSONAL NAME | |
| Personal name | Cancio, Mary Lou, |
| Relator term | author. |
| 9 (RLIN) | 40795 |
| 245 10 - TITLE STATEMENT | |
| Title | Functional phonetics workbook / |
| Statement of responsibility, etc | Mary Lou Marsoun Cancio, M.A., CCC-SLP, Sadanand Singh, Ph.D. ; contributions by Sara Snell. |
| 250 ## - EDITION STATEMENT | |
| Edition statement | Second edition. |
| 264 #1 - PUBLICATION, DISTRIBUTION, ETC. (IMPRINT) | |
| Place of publication, distribution, etc | San Diego, CA : |
| Name of publisher, distributor, etc | Plural Publishing, |
| Date of publication, distribution, etc | [2014] |
| 264 #4 - PUBLICATION, DISTRIBUTION, ETC. (IMPRINT) | |
| Date of publication, distribution, etc | c2014 |
| 300 ## - PHYSICAL DESCRIPTION | |
| Extent | x, 325 pages : |
| Other physical details | illustrations ; |
| Dimensions | 28 cm + |
| Accompanying material | 3 CD |
| 336 ## - CONTENT TYPE | |
| Source | rdacontent |
| Content type term | text |
| Content type code | txt |
| 336 ## - CONTENT TYPE | |
| Source | rdacontent |
| Content type term | sounds |
| Content type code | snd |
| 337 ## - MEDIA TYPE | |
| Source | rdamedia |
| Media type term | unmediated |
| Media type code | n |
| 337 ## - MEDIA TYPE | |
| Source | rdamedia |
| Media type term | audio |
| Media type code | s |
| 338 ## - CARRIER TYPE | |
| Source | rdacarrier |
| Carrier type term | volume |
| Carrier type code | nc |
| 338 ## - CARRIER TYPE | |
| Source | rdacarrier |
| Carrier type term | computer disc |
| Carrier type code | cd |
| 500 ## - GENERAL NOTE | |
| General note | Includes glossary.<br/> |
| 504 ## - BIBLIOGRAPHY, ETC. NOTE | |
| Bibliography, etc | Includes bibliographical references and index.<br/> |
| 650 #7 - SUBJECT ADDED ENTRY--TOPICAL TERM | |
| Topical term or geographic name as entry element | Phonetics. |
| Source of heading or term | BUEsh |
| 9 (RLIN) | 28397 |
| 651 ## - SUBJECT ADDED ENTRY--GEOGRAPHIC NAME | |
| Source of heading or term | BUEsh |
| 653 ## - INDEX TERM--UNCONTROLLED | |
| Arrived date list | August 2016 |
| Resource For college | Humanities: English |
| 655 ## - INDEX TERM--GENRE/FORM | |
| Form subdivision | Reading book |
| 9 (RLIN) | 34232 |
| 700 1# - ADDED ENTRY--PERSONAL NAME | |
| Personal name | Singh, Sadanand, |
| Relator term | author. |
| 700 1# - ADDED ENTRY--PERSONAL NAME | |
| Personal name | Snell, Sara, |
| Relator term | contributor. |
| 9 (RLIN) | 41924 |
| 942 ## - ADDED ENTRY ELEMENTS (KOHA) | |
| Source of classification or shelving scheme | Dewey Decimal Classification |
| Koha item type | Book - Borrowing |
| Withdrawn status | Lost status | Source of classification or shelving scheme | Damaged status | Not for loan | Collection code | Home library | Current library | Shelving location | Date acquired | Source of acquisition | Cost, normal purchase price | Serial Enumeration / chronology | Total Checkouts | Full call number | Barcode | Date last seen | Cost, replacement price | Koha item type | Public note | Price effective from |
|---|---|---|---|---|---|---|---|---|---|---|---|---|---|---|---|---|---|---|---|---|
| Dewey Decimal Classification | Baccah | Central Library | Central Library | Second Floor | 22/08/2016 | Purchase | 755.00 | 25868 | 421.58 CAN | 000033322 | 15/07/2025 | 944.00 | Book - Borrowing | |||||||
| Dewey Decimal Classification | Baccah | Central Library | Central Library | Second Floor | 22/08/2016 | Purchase | 755.00 | 25868 | 421.58 CAN | 000033323 | 24/08/2022 | 944.00 | CD | DVD - With book | DISC 1. | ||||||
| Dewey Decimal Classification | Baccah | Central Library | Central Library | Second Floor | 22/08/2016 | Purchase | 755.00 | 25868 | 421.58 CAN | 000033324 | 24/08/2022 | 944.00 | CD | DVD - With book | DISC 2. | ||||||
| Dewey Decimal Classification | Baccah | Central Library | Central Library | Second Floor | 22/08/2016 | Purchase | 755.00 | 25868 | 421.58 CAN | 000043561 | 24/08/2022 | 944.00 | CD | DVD - With book | DISC 3. | ||||||
| Dewey Decimal Classification | Baccah | Central Library | Central Library | Second Floor | 04/10/2016 | Purchase | 421.58 CAN | 000033823 | 15/07/2025 | Book - Borrowing | 04/10/2016 | |||||||||
| Dewey Decimal Classification | Baccah | Central Library | Central Library | Second Floor | 04/10/2016 | Purchase | 421.58 CAN | 000033824 | 15/07/2025 | Book - Borrowing | 04/10/2016 | |||||||||
| Dewey Decimal Classification | Baccah | Central Library | Central Library | Second Floor | 04/10/2016 | Purchase | 421.58 CAN | 000033825 | 24/08/2022 | CD | DVD - With book | DISC 1. | 04/10/2016 | ||||||||
| Dewey Decimal Classification | Baccah | Central Library | Central Library | Second Floor | 04/10/2016 | Purchase | 421.58 CAN | 000033826 | 24/08/2022 | CD | DVD - With book | DISC 1. | 04/10/2016 | ||||||||
| Dewey Decimal Classification | Baccah | Central Library | Central Library | Second Floor | 04/10/2016 | Purchase | 421.58 CAN | 000033827 | 24/08/2022 | CD | DVD - With book | DISC 2. | 04/10/2016 | ||||||||
| Dewey Decimal Classification | Baccah | Central Library | Central Library | Second Floor | 04/10/2016 | Purchase | 421.58 CAN | 000033828 | 24/08/2022 | CD | DVD - With book | DISC 2. | 04/10/2016 | ||||||||
| Dewey Decimal Classification | Baccah | Central Library | Central Library | Second Floor | 04/10/2016 | Purchase | 421.58 CAN | 000033829 | 24/08/2022 | CD | DVD - With book | DISC 3. | 04/10/2016 | ||||||||
| Dewey Decimal Classification | Baccah | Central Library | Central Library | Second Floor | 04/10/2016 | Purchase | 421.58 CAN | 000033830 | 24/08/2022 | CD | DVD - With book | DISC 3. | 04/10/2016 |